El hecho humano : las bases culturales del desarrollo educativo /

Guardat en:
Dades bibliogràfiques
Autor principal: LeVine, Robert Alan (autor)
Altres autors: White, Merry I. (autor) (autor)
Format: Llibre
Idioma:espanyol
Publicat: Madrid, España : Visor, 1987, c1987
Col·lecció:(Aprendizaje Visor ; 37)
Matèries:
Etiquetes: Afegir etiqueta
Sense etiquetes, Sigues el primer a etiquetar aquest registre!

MARC

LEADER 00000nam^a2200000^a^4500
001 000035255
005 20250521000000.0
009 20260310085308.748
020 |a 84-7774-006-2 
037 |a Acervo ITESO - Biblioteca 
041 |a ESP 
082 |a 370. 19  |b LEV 
100 |a LeVine, Robert Alan  |e (autor) 
245 1 3 |a El hecho humano :  |b las bases culturales del desarrollo educativo /  |c R.A. LeVine, M.I. White ; tr. por Genís Sánchez Barberán. 
264 4 |a Madrid, España :  |b Visor,  |c 1987, c1987 
300 |a 208 p. 
336 |a texto  |b txt  |2 rdacontenido 
337 |a sin mediación  |b n  |2 rdamedio 
338 |a volumen  |b nc  |2 rdasoporte 
440 1 |a (Aprendizaje Visor ;  |v 37) 
649 |a XX 
650 |a Finalidades de la Educación 
650 |a Antropología Educativa 
650 |a Antropología Cultural 
650 |a Sociología de la Educación 
650 |a Sociología de la Cultura 
700 |a White, Merry I.  |e (autor) 
910 |a Fondo General 
920 |a Impresos - Libros 
930 |a Colección General 
905 |a 101 
901 |a 0352550100  |b IT1  |c ACC  |i 035255  |u 20250521 
901 |a 0352550200  |b IT1  |c ACC  |i 907953  |u 20250521 
902 |a https://opac.biblio.iteso.mx/vufind/Record/000035255